Appellations - Vins de Savoie et du Jura - Statistiques

Statistiques générales
  • Ce quiz a été pris 108 fois
  • Le résultat moyen est 5 sur 13
Statistiques - réponses
Hint Réponse % Correct
Jura Arbois
70%
Jura Château-chalon
61%
Jura Côtes-du-jura
55%
Jura L'Étoile
55%
Jura Crémant-du-jura
44%
Savoie et Bugey Roussette-de-savoie
41%
Savoie et Bugey Bugey
38%
Savoie et Bugey Crémant-de-savoie
35%
Savoie et Bugey Vin de Savoie
32%
Jura Macvin-du-jura
27%
Savoie et Bugey Crépy
15%
Savoie et Bugey Seyssel
15%
Savoie et Bugey Roussette-de-bugey
11%
Aucun quiz correspondant
Distribution des résultats
% des personnes avec chaque résultat
Percentile par nombre de réponses
Votre historique - résultats
Vous n’avez pas pris ce quiz